000 00911cam a22003013a 4500
001 6906
003 PGUSA
005 20140828083138.0
008 041101s2004||||xxu|||||s|||||000 1 eng d
040 _aPGUSA
_beng
042 _adc
050 4 _aPS
100 1 _aEllis, Edward Sylvester,
_d1840-1916
245 1 4 _aThe Lost Trail
_h[electronic resource] /
_cEdward Sylvester Ellis
260 _bProject Gutenberg,
_c2004
506 _aPublic domain in the USA.
516 _aElectronic text
653 _aMinnesota -- Fiction
653 _aFrontier and pioneer life -- Mississippi River Valley -- Fiction
653 _aDime novels
653 _aMissionaries -- Fiction
653 _aLove stories, American
653 _aDakota Indians -- Fiction
653 _aIndian captivities -- Fiction
830 0 _aProject Gutenberg
_v6906
856 4 0 _uhttp://www.gutenberg.org/ebooks/6906
942 _cEB
999 _c236226
_d236226